| 000 | 01782nam0a2200361 4500 | ||
|---|---|---|---|
| 001 | RU\NLR\bibl\69785 | ||
| 005 | 20250616094837.0 | ||
| 010 | _a5-7801-0076-4 | ||
| 021 |
_aRU _b1999-40416 _91997 |
||
| 035 | _a(NLR Aleph) 000068074 | ||
| 090 |
_a374063 _c374063 |
||
| 100 | _a20000211d1999 |||y0rusy50 ca | ||
| 101 | 0 | _arus | |
| 102 | _aRU | ||
| 105 | _aa g ||||| | ||
| 200 | 1 |
_aНеавтоматические выключатели для распределения электрической энергии от 16 до 63 кА (разъединители, рубильники, переключатели) _eСправ. _fИн-т пром. развития (Информэлектро) _g[И.С. Сагирова и др.] |
|
| 210 |
_aМ. _cИнформэлектро _d1999 |
||
| 215 |
_a103,[1] с. _cил. _d29 |
||
| 300 | _aНа тит. л. и обл.: Т. 5 | ||
| 606 | 0 |
_aЭлектрическая энергия _jСправочники _xРаспределение _92149997 _3RU\NLR\auth\661294875 |
|
| 606 | 0 |
_aЭлектрические выключатели _jСправочники _91250379 _3RU\NLR\auth\66194815 |
|
| 606 | 0 |
_aЭлектрические разъединители _jСправочники _91085633 _3RU\NLR\auth\66425039 |
|
| 606 | 0 |
_aРубильники _jСправочники _91564947 _3RU\NLR\auth\66984999 |
|
| 606 | 0 |
_aЭлектрические переключатели _jСправочники _91313707 _3RU\NLR\auth\66545115 |
|
| 686 | _aЗ27я22 | ||
| 686 | _aЗ264.22я22 | ||
| 702 | 1 |
_aСагирова _bИ. С. _4220 |
|
| 801 | 0 |
_aRU _bNLR _c20000211 _gPSBO |
|
| 801 | 1 |
_aRU _bNLR _c20000211 |
|
| 852 |
_aNLR _j99-8/2399 |
||
| 942 | _cBOOK | ||
| 980 | _aNB | ||